000 00880nam a22002177a 4500
003 NALT
005 20251125232745.0
008 s2527 th tha d
040 _aNALT
041 _atha
050 _aHC 445
_bป373 2527
245 0 0 _aประวัติศาสตร์เศรษฐกิจไทย จนถึง พ.ศ.2484.
260 _aกรุงเทพฯ :
_bสำนักพิมพ์มหาวิทยาลัยธรรมศาสตร์,
_c2527.
300 _a667 หน้า :
_bตาราง ;
_c26 ซม.
650 0 4 _aไทย -- ภาวะเศรษฐกิจ -- 2553
651 4 _93477
_aไทย
_xภาวะเศรษฐกิจ
850 _aNALT
856 4 0 _uhttps://hdl.handle.net/20.500.14156/443898
942 _cGB
_2lcc
998 _bAREERAT
_bphon
_j104
_k สายฝน ดีงาม
999 _c3009
_d3009